| 000 | 00510nam a2200181Ia 4500 | ||
|---|---|---|---|
| 001 | 23962 | ||
| 005 | 20260414151012.0 | ||
| 008 | 260414t1990||||xx |||||||||||||| ||spa|| | ||
| 041 | _aESP | ||
| 082 |
_a726.594682 _bG92 |
||
| 100 |
_aGuillén Marcos, Esperanza _eAUT |
||
| 245 | 0 |
_aDe la ilustración al historicismo : _barquitectura religiosa en el arzobispado de Granada (1773-1868) |
|
| 260 | _c1990 | ||
| 300 |
_a443 páginas : _c23 cm. |
||
| 650 | _aABD | ||
| 654 | _aCAU | ||
| 942 |
_cLIB _dJUS _fJUS _2ddc _n |
||
| 999 |
_c23962 _d23962 |
||